000
00317nam a2200121Ia 4500
008
190216s9999||||xx |||||||||||||| ||und||
100
_a
Kutty T R N & Tareen J A K
245
0
_a
Fundamentals Of Crystal Chemistry
260
_b
University Press
_c
2001
300
_a
86p
650
_a
Chemistry-Chemistry
942
_c
BK
999
_c
3049
_d
3049